00584 2200217 4500001002100000005001500021035002000036007000300056008004100059020002200100082001100122084001700133100003600150245007200186250001000258260003400268300002500302650001900327990001000346990001000356INLIS00000000000109420220627024105 a0010-1217000009ta220627 f 0 dut  a978-979-017-013-0 a297.01 a297.01 MUH b0 aMUHAMMAD, bin Ismail Al 'Umrani1 aBerburu Cinta Atas Nama Allah SWT /cMuhammad bin Ismail Al 'Umrani aCet.1 aJakarta :bQultumMedia,c2007 a148hlm ;c13 x 19 cm 4aWawasan Islami a200 a a200 b